| 000 | 00933nam a22003017a 4500 | ||
|---|---|---|---|
| 001 | 0056302 | ||
| 003 | KOHA_MİRAKIL | ||
| 005 | 20260207004045.0 | ||
| 007 | ta | ||
| 008 | 160310b tu a|||gr||||#||||0|tur | | ||
| 040 |
_aTR-BiSEU _btur _cTR-BiSEU _erda |
||
| 041 | 0 | _atur | |
| 044 | _ctu | ||
| 050 |
_aLB1028.43 _b.I53 [t.y.] |
||
| 100 | 1 | _aUluser İnan, Nilgün. | |
| 245 | 1 |
_aBilgisayar okuryazarlığı/ _cNilgün Uluser İnan ; Nilgün Uluser İnan. |
|
| 264 | 1 |
_aİstanbul : _bMorpa Kültür Yayınları _c[t.y.] |
|
| 300 |
_a128 sayfa : _bresimli ; _c20 cm |
||
| 336 |
_ametin _btxt _2rdacontent |
||
| 337 |
_aaracısız _bn _2rdamedia |
||
| 338 |
_acilt _bnc _2rdacarrier |
||
| 500 | _aKaynakça var. | ||
| 650 | 0 |
_aEğitim--Veri işleme. _930973 |
|
| 650 | 0 |
_aBilgisayar okur-yazarlığı. _9104306 |
|
| 650 | 0 |
_aEducation--Data processing _91502 |
|
| 650 | 0 |
_aComputer literacy _9104307 |
|
| 942 |
_2lcc _cBK |
||
| 999 |
_c56110 _d56110 |
||